| 000 | 02253nam1a2200361 i 4500 | ||
|---|---|---|---|
| 001 | RU\NLR\BIBL_A\012906961 | ||
| 005 | 20241101041817.0 | ||
| 010 | _a9785742276395 | ||
| 035 | _a(NLR Aleph) 012906961 | ||
| 090 |
_a12601221 _c12601221 |
||
| 100 | _a20221012g20229999u y0rusy50 ca | ||
| 101 | 0 |
_arus _deng |
|
| 102 | _aRU | ||
| 105 | _a j | ||
| 181 | 0 |
_ai _baxxe |
|
| 182 | 0 | _an | |
| 200 | 1 |
_aКорпоративные финансы _dCorporate finance _eучебное пособие _eдля подготовки магистров по направлению 38.04.02 "Менеджмент" _fЕ. Г. Киселёва, А. Б. Тесля _gМинистерство науки и высшего образования Российской Федерации, Санкт-Петербургский политехнический университет Петра Великого, Институт промышленного менеджмента, экономики и торговли, Высшая школа производственного менеджмента _zeng |
|
| 203 |
_aТекст _bвизуальный _cнепосредственный |
||
| 210 |
_aСанкт-Петербург _cПолитех-пресс _cСанкт-Петербургский политехнический университет Петра Великого _d2022 |
||
| 215 | _d20 | ||
| 300 | _aАвт. также на англ. яз.: E. G. Kiseleva, A. B. Teslya | ||
| 510 | 1 |
_6z37790 _aCorporate finance _zeng |
|
| 606 | 1 |
_aКорпорации _jУчебные издания для высших учебных заведений _xФинансы _92162239 _3RU\NLR\AUTH\661301194 |
|
| 686 | 1 | _aУ26(0)19я73 | |
| 700 | 1 |
_7ca _8rus _aКиселева _bЕ. Г. _cканд. экон. наук _f1979- _gЕлена Григорьевна _9248749 _3RU\NLR\AUTH\770248805 |
|
| 701 | 1 |
_aТесля _bА. Б. _gАнна Борисовна |
|
| 790 | 1 |
_7ba _8rus _aKiseleva _bE. G. _cканд. экон. наук _f1979- _gElena Grigor'evna _9248750 _3RU\NLR\AUTH\770248806 |
|
| 790 | 1 |
_6z37 _6z37510 _aTeslja _bA. B. _gAnna Borisovna |
|
| 852 |
_aNLR _j2022-4/8965 |
||
| 942 | _cBOOK | ||